Őzpopulációk összehasonlító vizsgálata mezei és erdei ökotípusok között
Elmentve itt :
| Szerző: | |
|---|---|
| További közreműködők: | |
| Dokumentumtípus: | Szakdolgozat |
| Megjelent: |
2001
|
| Kulcsszavak: | Vadgazdálkodás Őzpopuláció Őz Mezei őz Erdei őz Pély Szilvásvárad |
| Tárgyszavak: | |
| Online Access: | http://diploma.bibl.u-szeged.hu/100840 |
| LEADER | 00805nta a2200265 i 4500 | ||
|---|---|---|---|
| 001 | dipl100840 | ||
| 005 | 20220106135400.0 | ||
| 008 | 220106s2001 hu om 0|| zxx d | ||
| 040 | |a SZTE Diploma Repozitórium |b hun | ||
| 041 | |a zxx | ||
| 100 | 1 | |a Vermes István | |
| 245 | 1 | 0 | |a Őzpopulációk összehasonlító vizsgálata mezei és erdei ökotípusok között |h [elektronikus dokumentum] / |c István Vermes |
| 260 | |c 2001 | ||
| 300 | |a 41 | ||
| 650 | 4 | |a Agrár | |
| 650 | 4 | |a Husbandry | |
| 695 | |a Vadgazdálkodás | ||
| 695 | |a Őzpopuláció | ||
| 695 | |a Őz | ||
| 695 | |a Mezei őz | ||
| 695 | |a Erdei őz | ||
| 695 | |a Pély | ||
| 695 | |a Szilvásvárad | ||
| 700 | 1 | |a Hagymási László |e ths | |
| 856 | 4 | 0 | |u http://diploma.bibl.u-szeged.hu/id/eprint/100840/2/2001_vermes_istvan.pdf |z Dokumentum-elérés |